A study on the effect of using organic and chemical fertilizer in different rate on cabbage crop in kampong cham province (ការសិក្សាអំពីប្រសិទ្ធភាពនៃការប្រើប្រាស់ជីសរីរាង្កនិងជីគីមីក្នុងកំរិតផ្សេងៗលើដំណាំស្ពៃក្ដោបនៅខេត្តកំពង់ចាម) (Record no. 4459)
[ view plain ]
| 000 -LEADER | |
|---|---|
| fixed length control field | 00803nam a22001577a 4500 |
| 003 - CONTROL NUMBER IDENTIFIER | |
| control field | OSt |
| 005 - DATE AND TIME OF LATEST TRANSACTION | |
| control field | 20151214085644.0 |
| 008 - FIXED-LENGTH DATA ELEMENTS--GENERAL INFORMATION | |
| fixed length control field | 151214b xxu||||| |||| 00| 0 eng d |
| 040 ## - CATALOGING SOURCE | |
| Transcribing agency | RUA |
| 082 ## - DEWEY DECIMAL CLASSIFICATION NUMBER | |
| Classification number | ATM LON 2004 B206 Or.1 |
| 100 ## - MAIN ENTRY--PERSONAL NAME | |
| 9 (RLIN) | 4784 |
| Personal name | LONG, SOVANNA. |
| 245 ## - TITLE STATEMENT | |
| Title | A study on the effect of using organic and chemical fertilizer in different rate on cabbage crop in kampong cham province (ការសិក្សាអំពីប្រសិទ្ធភាពនៃការប្រើប្រាស់ជីសរីរាង្កនិងជីគីមីក្នុងកំរិតផ្សេងៗលើដំណាំស្ពៃក្ដោបនៅខេត្តកំពង់ចាម) |
| 260 ## - PUBLICATION, DISTRIBUTION, ETC. (IMPRINT) | |
| Place of publication, distribution, etc. | Phnom Penh |
| Name of publisher, distributor, etc. | RUA |
| Date of publication, distribution, etc. | 2004 |
| 300 ## - PHYSICAL DESCRIPTION | |
| Extent | x, 45p. |
| Other physical details | ill. |
| Dimensions | 29cm. |
| 942 ## - ADDED ENTRY ELEMENTS (KOHA) | |
| Source of classification or shelving scheme | |
| Koha item type | ATM |
| Price effective from | Date last seen | Permanent Location | Not for loan | Date acquired | Source of classification or shelving scheme | Koha item type | Lost status | Withdrawn status | Date last checked out | Total Checkouts | Shelving location | Damaged status | Barcode | Current Location | Full call number |
|---|---|---|---|---|---|---|---|---|---|---|---|---|---|---|---|
| 2015-12-14 | 2026-06-05 | Library Block B | 2015-12-14 | ATM | 2026-06-03 | 3 | B206 | RUA033645 | Library Block B | ATM LON 2004 B206 Or.1 | |||||
| 2015-12-14 | 2015-12-14 | Library Block B | 2015-12-14 | ATM | B206 | RUA039114 | Library Block B | ATM LON 2004 B206 Or.2 | |||||||
| 2015-12-14 | 2015-12-14 | Library Block B | 2015-12-14 | ATM | B206 | RUA039286 | Library Block B | ATM LON 2004 B206 Or.3 | |||||||
| 2015-12-14 | 2015-12-14 | Library Block B | 2015-12-14 | ATM | B206 | RUA039226 | Library Block B | ATM LON 2004 B206 Or.4 | |||||||
| 2015-12-14 | 2020-02-25 | Library Block B | 2015-12-14 | ATM | 2019-11-01 | 4 | B206 | RUA038992 | Library Block B | ATM LON 2004 B206 Or.5 | |||||
| 2015-12-14 | 2015-12-14 | Library Block B | 2015-12-14 | ATM | B206 | RUA039234 | Library Block B | ATM LON 2004 B206 Or.6 | |||||||
| 2015-12-14 | 2015-12-14 | Library Block B | 2015-12-14 | ATM | B206 | RUA038927 | Library Block B | ATM LON 2004 B206 Or.7 | |||||||
| 2015-12-14 | 2015-12-14 | Library Block B | 2015-12-14 | ATM | B206 | RUA039105 | Library Block B | ATM LON 2004 B206 Or.8 |